LEADER 01008nam--2200373---450- 001 990003311810203316 005 20091015104023.0 010 $a0-7190-6423-6 035 $a000331181 035 $aUSA01000331181 035 $a(ALEPH)000331181USA01 035 $a000331181 100 $a20090915d2005----km-y0itay50------ba 101 $aeng 102 $aGB 105 $a||||||||001yy 200 1 $aBeginning Shakespeare$fLisa Hopkins 210 $aManchester$aNew York$cManchester university press$d2005 215 $aVIII, 212 p.$d20 cm 410 0$12001 454 1$12001 461 1$1001-------$12001 600 $aShakespeare,$bWilliam$xStudi 676 $a830 700 1$aHOPKINS,$bLisa$0518401 801 0$aIT$bsalbc$gISBD 912 $a990003311810203316 951 $aII.2.B.413$b9294 DSLL 959 $aBK 969 $aDSLL 979 $aDSLL$b90$c20090915$lUSA01$h1522 979 $aDSLL$b90$c20091015$lUSA01$h1040 996 $aBeginning Shakespeare$91122189 997 $aUNISA